Score 0/99 Timer 11:00
0 Plays Today
% Correct
Germany, 1917
88.2%
Germany, 1941
88.2%
4
87.1%
1
86.6%
0
85.5%
16
85.2%
9
84.9%
Cinderella
84.7%
36
84.1%
64
84.1%
Austria-Hungary, 1917
83.9%
Japan, 1941
83.9%
25
83.6%
Austria
83.3%
49
83.3%
100
83.3%
81
83.1%
Quarterback
82.8%
Australia
81.7%
Oxygen
80.9%
Afghanistan
80.4%
Great Britain, 1812
78.8%
Hydrogen
78.5%
Peter
78.2%
Snow White
78%
Hamlet
78%
Helium
77.7%
Romeo and Juliet
77.4%
John
76.1%
Aurora
75%
Italy, 1941
74.5%
Nitrogen
74.2%
Othello
74.2%
% Correct
Albania
73.1%
Argentina
73.1%
Ariel
72.8%
Mexico, 1846
72.8%
Fullback
70.7%
Halfback
70.2%
Macbeth
70.2%
Neon
69.6%
Algeria
69.4%
Andorra
68%
Armenia
68%
Azerbaijan
67.7%
Angola
65.6%
Jasmine
64.8%
Spain,1898
64.8%
Matthew
64%
Argon
63.7%
Danny Ocean
63.4%
Mulan
63.4%
Tight End
63.2%
Belle
62.9%
King Lear
62.4%
Wide Receiver
59.4%
Wide Receiver
59.4%
Xenon
57.3%
Antigua and Barbuda
55.9%
Simon the Zealot
53.5%
Center
52.4%
Pocahontas
51.6%
Thomas
50.3%
Tackle
49.2%
Tackle
49.2%
Radon
48.4%
% Correct
Guard
46.5%
Guard
46.5%
Krypton
45.2%
James
45.2%
James
45.2%
Julius Caesar
41.7%
Rapunzel
40.3%
Andrew
39%
Chlorine
38.2%
Fluorine
37.1%
Tiana
37.1%
Bartholomew
31.5%
Antony and Cleopatra
30.9%
Hungary, 1942
30.4%
Romania, 1942
29%
Bulgaria, 1942
28.5%
Rusty Ryan
26.9%
Titus Andronicus
26.6%
Turk Malloy
25.3%
Merida
24.2%
Philip
22%
Thaddaeus
21.8%
Coriolanus
21.2%
Troilus and Cressida
19.9%
Timon of Athens
18.5%
The Amazing Yen
9.9%
Virgil Malloy
8.6%
Linus Caldwell
7.8%
Saul Bloom
6.2%
Basher Tarr
6.2%
Frank Catton
5.9%
Livingston Dell
5.9%
Reuben Tishkoff
4.3%
Remove Ads.
Support Sporcle.
Get the best of Sporcle when you Go Orange. This ad-free experience offers more features, more stats, and more fun while also helping to support Sporcle. Thank you for becoming a member.

You're not logged in!

Compare scores with friends on all Sporcle quizzes.
OR
Log In

Show Comments

Extras

Top Quizzes Today


Score Distribution

Your Account Isn't Verified!

In order to create a playlist on Sporcle, you need to verify the email address you used during registration. Go to your Sporcle Settings to finish the process.

Report this User

Report this user for behavior that violates our Community Guidelines.

Details: